[Event "TUR-chT Clubs"]
[Site "Konya"]
[Date "2019.07.20"]
[Round "8.2"]
[White "Cakir, Ege"]
[Black "Saridag, Omer Melih"]
[Result "0-1"]
[WhiteElo "1765"]
[BlackElo "1820"]
[PlyCount "114"]
[EventDate "2019.07.16"]
[EventType "team-swiss"]
[EventRounds "9"]
[EventCountry "TUR"]
[SourceTitle "CBM 191 Extra"]
[Source "ChessBase"]
[SourceDate "2019.09.30"]
[SourceVersion "1"]
[SourceVersionDate "2019.09.30"]
[SourceQuality "1"]
[WhiteTeam "Deniz Genclik"]
[BlackTeam "Borcelik Bursa Deneyim"]
[WhiteTeamCountry "TUR"]
[BlackTeamCountry "TUR"]

1. d4 d5 2. Nf3 e6 3. g3 a6 4. Bg2 Nf6 5. 0-0 Be7 6. c4 dxc4 7. Ne5 0-0 8. Nxc4 Ra7 9. a4 b6 10. Nc3 Bb7 11. Ne3 Bxg2 12. Kxg2 c5 13. d5 Rd7 14. Qc2 exd5 15. Nf5 Nc6 16. Bg5 d4 17. Nxe7+ Qxe7 18. Bxf6 Qxf6 19. Ne4 Qg6 20. f3 Re8 21. Rfe1 Nb4 22. Qb3 Qe6 23. Qxe6 Rxe6 24. Rad1 Nc2 25. g4 Nxe1+ 26. Rxe1 Rd5 27. Rc1 h6 28. Kf2 f5 29. gxf5 Rxf5 30. Ng3 Rd5 31. Ne4 Rc6 32. b3 b5 33. axb5 axb5 34. Nd2 Kf7 35. e3 dxe3+ 36. Kxe3 Rh5 37. Nf1 Re6+ 38. Kf2 Rd5 39. Rc2 Ra6 40. Ne3 Rd3 41. Ng4 Rxb3 42. Rxc5 b4 43. Rb5 Rb2+ 44. Ke3 Ra3+ 45. Kf4 b3 46. Rb4 Rb1 47. Ne5+ Ke6 48. Nc4 Ra2 49. Rb6+ Kd5 50. Ne3+ Kc5 51. Rb8 b2 52. Rc8+ Kb5 53. Nd5 Rc1 54. Rb8+ Kc5 55. Nb4 Ra4 56. Kg3 Rxb4 57. Rc8+ Kd6 0-1

[Event "TUR-chT2"]
[Site "Konya"]
[Date "2018.07.11"]
[Round "3.3"]
[White "Can, Furkan"]
[Black "Saridag, Omer Melih"]
[Result "1/2-1/2"]
[WhiteElo "1781"]
[BlackElo "1733"]
[PlyCount "95"]
[EventDate "2018.07.10"]
[EventType "team-swiss"]
[EventRounds "9"]
[EventCountry "TUR"]
[SourceTitle "EXT 2019"]
[Source "ChessBase"]
[SourceDate "2018.10.10"]
[SourceVersion "1"]
[SourceVersionDate "2018.10.10"]
[SourceQuality "1"]
[WhiteTeam "Antalya Buyuk Ustalar"]
[BlackTeam "Bursa Uludag"]
[WhiteTeamCountry "TUR"]
[BlackTeamCountry "TUR"]

1. d4 d5 2. Nf3 Nf6 3. e3 e6 4. Bd3 Bd6 5. Nbd2 0-0 6. 0-0 c5 7. c3 Nc6 8. dxc5 Bxc5 9. e4 dxe4 10. Nxe4 Be7 11. Qc2 h6 12. b4 Qc7 13. Bb2 b6 14. a3 Nxe4 15. Bxe4 f5 16. Bxc6 Qxc6 17. Ne5 Qc7 18. Ng6 Re8 19. Nxe7+ Rxe7 20. c4 e5 21. Rac1 Be6 22. c5 Rc8 23. c6 b5 24. Qc5 Bc4 25. Rfe1 e4 26. Qxf5 Qxc6 27. Re3 Rf8 28. Qg4 Qe6 29. Qg3 Qd5 30. Rce1 Rff7 31. h3 Kh7 32. Qh4 g5 33. Qg3 Rf4 34. f3 Bd3 35. Bc1 Ref7 36. fxe4 Rxe4 37. Bb2 Bc2 38. Qb8 Rxe3 39. Rxe3 Bb3 40. Re8 Qd3 41. Qe5 Qf1+ 42. Kh2 Qf4+ 43. Qxf4 Rxf4 44. Re7+ Rf7 45. Re5 Bc4 46. Kg3 Kg6 47. Bd4 h5 48. Be3 1/2-1/2

[Event "EU-ch U10 27th"]
[Site "Mamaia"]
[Date "2017.09.13"]
[Round "8"]
[White "Saridag, Omer Melih"]
[Black "Piliposyan, Robert"]
[Result "1/2-1/2"]
[WhiteElo "1803"]
[BlackElo "1773"]
[PlyCount "205"]
[EventDate "2017.09.05"]
[EventType "swiss"]
[EventRounds "9"]
[EventCountry "ROU"]
[SourceTitle "CBM 180 Extra"]
[Source "ChessBase"]
[SourceDate "2017.10.06"]
[SourceVersion "1"]
[SourceVersionDate "2017.10.06"]
[SourceQuality "1"]

1. d4 Nf6 2. c4 e6 3. Nc3 Bb4 4. e3 0-0 5. Bd3 d5 6. Nf3 b6 7. 0-0 Bb7 8. a3 Be7 9. b3 dxc4 10. bxc4 c5 11. Bb2 cxd4 12. exd4 Nc6 13. Ne4 Na5 14. Ng3 Rc8 15. Rc1 Ne8 16. Ne5 Bf6 17. f4 g6 18. Nh5 Bh8 19. Ng3 Nd6 20. c5 Nf5 21. Nxf5 exf5 22. Bb5 a6 23. c6 axb5 24. cxb7 Rxc1 25. Qxc1 Nxb7 26. Qc6 Na5 27. Qxb5 Nb7 28. d5 Nd6 29. Qc6 Ne4 30. Bd4 Qa8 31. a4 Rc8 32. Qd7 Bxe5 33. Bxe5 Rd8 34. Qc6 Qa7 35. Bd4 Rb8 36. Rc1 Qa8 37. Qc7 Rd8 38. Qe5 f6 39. Qe6+ Kg7 40. Rc7+ Kh6 41. Qe7 Rh8 42. Qg7+ Kh5 43. h3 h6 44. Qd7 Qa5 45. Bf2 Nxf2 46. Kxf2 Qd2+ 47. Kg1 Qe3+ 48. Kh1 Re8 49. Qg7 Qxf4 50. Re7 Rc8 51. Re1 Qg3 52. Rg1 Qe5 53. Qb7 Rc3 54. Qxb6 Qxd5 55. Kh2 Qe5+ 56. Kh1 Qe4 57. Kh2 Qxa4 58. Qxf6 Qf4+ 59. Kh1 Rg3 60. Qb2 Qe4 61. Kh2 f4 62. Qb5+ Kh4 63. Qb6 h5 64. Qd8+ g5 65. Qd2 Qe3 66. Qxe3 fxe3 67. Ra1 e2 68. Ra4+ g4 69. Re4 Ra3 70. hxg4 hxg4 71. g3+ Rxg3 72. Rxe2 Ra3 73. Re8 Ra2+ 74. Kg1 Kh3 75. Re1 Ra3 76. Kh1 Kg3 77. Kg1 Rb3 78. Rd1 Rc3 79. Rf1 Rf3 80. Rb1 Ra3 81. Rc1 Kh3 82. Rd1 Ra2 83. Kh1 Rh2+ 84. Kg1 Rg2+ 85. Kh1 Rg3 86. Rd2 Ra3 87. Rd1 Ra8 88. Rc1 Rh8 89. Rc3+ g3 90. Kg1 Rf8 91. Rd3 Ra8 92. Rd1 Ra3 93. Rb1 Rf3 94. Rc1 Rf2 95. Rb1 Rg2+ 96. Kh1 Rf2 97. Kg1 Rf3 98. Rb2 Rc3 99. Rb1 g2 100. Ra1 Rf3 101. Rb1 Rf1+ 102. Rxf1 gxf1Q+ 103. Kxf1 1/2-1/2

[Event "EU-ch U10 27th"]
[Site "Mamaia"]
[Date "2017.09.12"]
[Round "7"]
[White "Makridis, Dimitrios"]
[Black "Saridag, Omer Melih"]
[Result "1/2-1/2"]
[WhiteElo "1288"]
[BlackElo "1803"]
[PlyCount "98"]
[EventDate "2017.09.05"]
[EventType "swiss"]
[EventRounds "9"]
[EventCountry "ROU"]
[SourceTitle "CBM 180 Extra"]
[Source "ChessBase"]
[SourceDate "2017.10.06"]
[SourceVersion "1"]
[SourceVersionDate "2017.10.06"]
[SourceQuality "1"]

1. e4 d5 2. exd5 Qxd5 3. Nc3 Qa5 4. Nf3 c6 5. d4 Bf5 6. Bc4 Nf6 7. 0-0 e6 8. Ne5 Bd6 9. f4 0-0 10. Be3 b5 11. Bd3 b4 12. Ne2 Nd5 13. Qd2 f6 14. Bxf5 exf5 15. Nc4 Qc7 16. Ng3 g6 17. Nxd6 Qxd6 18. c4 bxc3 19. bxc3 Nb6 20. Qd3 Qd5 21. Rfe1 N8d7 22. Bc1 Rfe8 23. Bd2 Nc5 24. Qc2 Ne4 25. Nf1 Nc4 26. Ne3 Nxe3 27. Rxe3 c5 28. Rd3 c4 29. Re3 Reb8 30. Ree1 Rb5 31. Rab1 Rab8 32. Rxb5 Qxb5 33. Bc1 Rb6 34. Ba3 Kg7 35. h3 Kf7 36. Rd1 Qd5 37. Rb1 Rxb1+ 38. Qxb1 Kg7 39. Qb4 Qf7 40. d5 Qe8 41. d6 Ng3 42. Qb7+ Kg8 43. Qb1 Qe3+ 44. Kh2 Qxf4 45. d7 Ne2+ 46. Kh1 Ng3+ 47. Kg1 Ne2+ 48. Kh1 Ng3+ 49. Kh2 Ne2+ 1/2-1/2

[Event "EU School-ch U09"]
[Site "Kallithea"]
[Date "2016.06.24"]
[Round "8"]
[White "Saridag, Omer Melih"]
[Black "Colakoglu, Atahan"]
[Result "1-0"]
[WhiteElo "1488"]
[BlackElo "1391"]
[PlyCount "79"]
[EventDate "2016.06.17"]
[EventType "swiss"]
[EventRounds "9"]
[EventCountry "GRE"]
[SourceTitle "EXT 2017"]
[Source "ChessBase"]
[SourceDate "2016.10.25"]
[SourceVersion "1"]
[SourceVersionDate "2016.10.25"]
[SourceQuality "1"]

1. e4 d6 2. d4 Nf6 3. Nc3 g6 4. f3 Bg7 5. Be3 c6 6. Qd2 Nbd7 7. g4 b5 8. 0-0-0 Qa5 9. Kb1 Ba6 10. h4 Rc8 11. d5 b4 12. Nce2 c5 13. Ng3 c4 14. Bd4 c3 15. Qc1 Bxf1 16. Nxf1 Nc5 17. b3 Rb8 18. Ka1 Rb6 19. Qb1 Ra6 20. Ne3 Kd7 21. Nc4 Qb5 22. g5 Ne8 23. Bxg7 Nxg7 24. Ne2 Rc8 25. Nd4 Qb7 26. Nc6 Ke8 27. Rhe1 Kf8 28. e5 Nf5 29. exd6 exd6 30. Re4 Nxe4 31. fxe4 Nxh4 32. Nxd6 Qd7 33. Nxc8 Qxc8 34. Nxb4 Rb6 35. Nc6 Rxc6 36. dxc6 Qxc6 37. Qc1 Qxe4 38. Qa3+ Kg7 39. Qd6 Qf3 40. Qe5+ 1-0

[Event "EU School-ch U09"]
[Site "Kallithea"]
[Date "2016.06.20"]
[Round "4"]
[White "Ozkan, Taha"]
[Black "Saridag, Omer Melih"]
[Result "1/2-1/2"]
[WhiteElo "1523"]
[BlackElo "1488"]
[PlyCount "109"]
[EventDate "2016.06.17"]
[EventType "swiss"]
[EventRounds "9"]
[EventCountry "GRE"]
[SourceTitle "EXT 2017"]
[Source "ChessBase"]
[SourceDate "2016.10.25"]
[SourceVersion "1"]
[SourceVersionDate "2016.10.25"]
[SourceQuality "1"]

1. d4 Nf6 2. c4 e5 3. dxe5 Ng4 4. Bf4 Nc6 5. Nf3 Bb4+ 6. Nbd2 Qe7 7. a3 Ngxe5 8. Nxe5 Nxe5 9. e3 Bxd2+ 10. Qxd2 0-0 11. c5 d6 12. cxd6 cxd6 13. Rd1 Rd8 14. Be2 Be6 15. Qb4 Qc7 16. 0-0 a5 17. Qd2 Qb6 18. Qd4 Qxd4 19. Rxd4 f6 20. Rfd1 d5 21. h3 Rac8 22. Bxe5 fxe5 23. Ra4 b6 24. Bg4 Kf7 25. Bxe6+ Kxe6 26. Rh4 h6 27. b4 e4 28. bxa5 bxa5 29. Rg4 g5 30. h4 Kf5 31. f3 Rc3 32. a4 Rxe3 33. Kf2 d4 34. hxg5 hxg5 35. Rb1 Rd5 36. Rb8 exf3 37. gxf3 Ra3 38. Rb5 Rxb5 39. axb5 Ra2+ 40. Ke1 Rb2 41. Rxd4 Rxb5 42. Ra4 Rb3 43. Kf2 Rb5 44. Kg3 Ke5 45. Kf2 Kd5 46. Ke3 Kc6 47. f4 gxf4+ 48. Rxf4 Rb3+ 49. Kd2 Kb5 50. Kc2 Re3 51. Kb2 Re2+ 52. Ka1 a4 53. Rf5+ Kb4 54. Rf4+ Kb3 55. Rf3+ 1/2-1/2

[Event "Wch U08"]
[Site "Porto Carras"]
[Date "2015.10.27"]
[Round "3"]
[White "Saridag, Omer Melih"]
[Black "Ansat, Aldiyar"]
[Result "0-1"]
[WhiteElo "1454"]
[BlackElo "1714"]
[PlyCount "132"]
[EventDate "2015.10.25"]
[EventType "swiss"]
[EventRounds "11"]
[EventCountry "GRE"]
[SourceTitle "CBM 169 Extra"]
[Source "ChessBase"]
[SourceDate "2015.12.18"]
[SourceVersion "1"]
[SourceVersionDate "2015.12.18"]
[SourceQuality "1"]

1. d4 Nf6 2. c3 d5 3. e3 g6 4. Bd3 Bg7 5. f4 0-0 6. Nf3 Nc6 7. 0-0 Bg4 8. Nbd2 Qd7 9. Qc2 Bf5 10. Bxf5 Qxf5 11. Qxf5 gxf5 12. Ne5 Ne4 13. Nxc6 bxc6 14. Nxe4 fxe4 15. Bd2 f5 16. Rac1 Rab8 17. b3 c5 18. Rc2 c4 19. b4 Rf6 20. a4 Rfb6 21. a5 Rb5 22. Be1 Bf6 23. g3 Kf7 24. Rg2 Rg8 25. Kh1 h5 26. Rfg1 Rg7 27. Bd2 Rb8 28. h3 c6 29. Kh2 a6 30. Kh1 Rbg8 31. Kh2 Rb8 32. Kh1 Rb5 33. Kh2 e6 34. Kh1 c5 35. dxc5 Rb8 36. Rf1 Ke7 37. Kg1 Kd7 38. Kf2 Kc6 39. Rfg1 Rbg8 40. Kf1 e5 41. Rf2 Rf7 42. Rfg2 Rfg7 43. Rf2 Rf8 44. Rfg2 Kb7 45. Rf2 d4 46. Ke2 d3+ 47. Kf1 exf4 48. gxf4 Rxg1+ 49. Kxg1 Kc6 50. Rg2 Kb5 51. Rg6 Ka4 52. c6 Kb3 53. c7 Bxc3 54. Bxc3 Kxc3 55. Rd6 Rc8 56. Kf2 Rxc7 57. Ke1 Kxb4 58. Rxa6 c3 59. Rb6+ Kxa5 60. Rb1 c2 61. Rc1 Kb4 62. Kd2 Kb3 63. Re1 Kb2 64. Rc1 Rg7 65. Rf1 Rg2+ 66. Ke1 d2# 0-1